| 000 | 00853nam a2200265 i 4500 | ||
|---|---|---|---|
| 001 | bgj | ||
| 100 | 1 | _aCRAIG, Albert M. | |
| 245 | 1 | 0 |
_aThe Heritage of World Civilizations / _cAlbert M. Craig [et al.]. |
| 260 |
_aNew York : _bMacmillan Publishing Company, _cc. 1986. |
||
| 300 |
_aXXXI, 1242, 31 pp, 32 pp colour plates : _bfacsims, figures, maps, photos ; _c27 cm. |
||
| 504 | _aBibliography after each chapter. | ||
| 505 | _aIncludes index. | ||
| 650 | 9 |
_aCivilization _xHistory |
|
| 655 | _aTextbooks | ||
| 700 | 1 |
_aGRAHAM, William A. _eco-author |
|
| 700 | 1 |
_aKAGAN, Donald. _eco-author |
|
| 700 | 1 |
_aOZMENT, Steven. _eco-author |
|
| 700 | 1 |
_aTURNER, Frank M. _eco-author |
|
| 020 | _a0023254807 (hbk) | ||
| 040 | _cBPK | ||
| 041 | 0 | _aeng | |
| 920 | _a0-02-325480-7 (hbk) | ||
| 942 | _cKS | ||
| 008 | s uk f |000 0 eng | ||
| 999 |
_c41271 _d41271 |
||
| 856 |
_uhttp://koha.tu.koszalin.pl/cgi-bin/koha/opac-detail.pl?biblionumber=41271 _yKatalog online BPK |
||